المورد القريب قاموس جيب عربي-انكليزي

Bibliographic Details
Main Author: بعلبكي, روحي (Author)
Format: Book
Published: Beirut Dar al-`Ilm lil-Malayin 1992
Subjects:

MARC

LEADER 00000cam a2200000 7i4500
001 0000000183
008 021118s1992
090 0 0 |a PJ6640  |b . B3 1992 
100 0 |a بعلبكي, روحي  |e author 
245 1 2 |a المورد القريب  |b قاموس جيب عربي-انكليزي  |c روحي البعلبكي 
260 2 |a Beirut  |b Dar al-`Ilm lil-Malayin  |c 1992 
300 |a 469 p.  |c 14 cm 
650 0 |a Arabic language  |v Dictionaries  |x English 
650 0 |a English language  |v Dictionaries  |x Arabic 
745 0 2 |a A pocket Arabic-English dictionary 
999 |a 1000047629  |b Book  |c Reference  |e Gong Badak Campus